Statistiken für Ostasien Karten-Quiz

Klicken Sie hier um das Quiz zu spielen!

Allgemein

  • Dieses Quiz wurde 17.475 mal gespielt
  • Das Durchschnittsergebnis liegt bei 19 aus 23

Antworten auf der Karte

Die Antworten werden auf der Karte rot bzw. grün angezeigt, abhängig davon wie oft sie richtig erraten wurden.
 

Antwortstatistiken

Antwort% Korrekt
China
97%
Indien
96%
Mongolei
95%
Nordkorea
95%
Japan
94%
Südkorea
93%
Indonesien
89%
Sri Lanka
89%
Nepal
87%
Philippinen
87%
Taiwan
84%
Malediven
83%
Vietnam
82%
Malaysia
80%
Thailand
80%
Bangladesch
79%
Bhutan
77%
Singapur
77%
Kambodscha
76%
Osttimor
76%
Laos
74%
Brunei
70%
Myanmar
70%

Verteilung der Resultate

Perzentil nach korrekt beantworteten Fragen

Anzahl Personen mit jedem Resultat

Ihre Resultats-Entwicklung

Sie haben dieses Quiz noch nicht gespielt